Statistics for Funny Things

Click here to take the quiz!

General Stats

  • This quiz has been taken 41 times
  • The average score is 1 of 12

Answer Stats

Answer% Correct
frog
100%
other frog
6%
weird girl
6%
crazy hair
3%
basketball all star
0%
hello kiddo
0%
is he pooping
0%
is this girl dead!!!
0%
shooting banana guy
0%
that mouse is about to be dead
0%
what are those
0%
who is this
0%

Score Distribution

Percentile by Number Answered

Percent of People with Each Score

Your Score History

You have not taken this quiz